000 00415nam a2200157Ia 4500
008 100122s9999 xx 000 0 und d
082 _b47633
_a823
100 _aगस्ती भीमराव
245 _aआक्रोश
250 _a1
260 _bराजहंस प्रकाशन
_c1993
300 _a390
630 _aआक्रोश
730 _aआक्रोश
942 _cBOOK
999 _c426407
_d426404